00466nam a2200157Ia 4500003000900000008004100009040001600050080001500066100002200081245005500103260004700158300001400205650003500219650003500254650001900289IN-BaIIA211028s9999 xx 000 0 eng d cIIA Library a92:53bLIV aLivingston, D. M. 4aThe master of lightcDorothy Michelson Livingston. aChicagobUniversity of Chicago Pressc1973 axi, 376p. aAlbert A Michelson - Biography aBiography - Albert A Michelson aNASA thesaurus